Measurement techniques in turbomachines : February 25-March 1, 1985 /

Bibliographic Details
Corporate Author: Von Karman Institute for Fluid Dynamics
Other Authors: Arts, T. (Tony), Braembussche, R. van den
Format: Book
Language:English
Published: Rhode Saint Genese, Belgium : Von Karman Institute for Fluid Dynamics, [1985]
Series:Lecture series (Von Karman Institute for Fluid Dynamics) ; 1985-03.
Subjects:

MARC

Tag First Indicator Second Indicator Subfields
LEADER 00000cam a2200000 a 4500
001 in00000015537
005 20151007052534.0
008 851212s1985 be a b 00000 eng d
035 |a (OCoLC)12900745 
035 |9 AAA8207AM 
040 |a MYG  |c MYG  |d VPI  |d m/c  |d TXA  |d UtOrBLW 
049 |a TXAM  |v 1 [A12541645]  |v 2 [A12542099] 
050 4 |a TJ267  |b .M43 1985 
245 0 0 |a Measurement techniques in turbomachines :  |b February 25-March 1, 1985 /  |c lecture series directors: T. Arts, R. Van den Braembussche. 
264 1 |a Rhode Saint Genese, Belgium :  |b Von Karman Institute for Fluid Dynamics,  |c [1985] 
300 |a 2 volumes :  |b illustrations ;  |c 29 cm. 
336 |a text  |b txt  |2 rdacontent 
337 |a unmediated  |b n  |2 rdamedia 
338 |a volume  |b nc  |2 rdacarrier 
490 1 |a Lecture series / Von Karman Institute for Fluid Dynamics,  |v 1985-03 
504 |a Includes bibliographical references. 
650 0 |a Turbomachines  |x Aerodynamics. 
700 1 |a Arts, T.  |q (Tony) 
700 1 |a Braembussche, R. van den. 
710 2 |a Von Karman Institute for Fluid Dynamics. 
830 0 |a Lecture series (Von Karman Institute for Fluid Dynamics) ;  |v 1985-03. 
999 |a MARS 
999 f f |s 1ca93e84-4aea-3830-ac8b-b3243c35f9f3  |i 496c3965-9f75-3d1d-98db-1cd764898b52  |t 0 
952 f f |p ric  |a Texas A&M University  |b Rellis Campus  |c Joint Library Facility  |d Remote Storage  |t 0  |e TJ267 .M43 1985  |h Library of Congress classification  |i unmediated -- volume  |k v.1  |m A14812541645 
952 f f |p ric  |a Texas A&M University  |b Rellis Campus  |c Joint Library Facility  |d Remote Storage  |t 0  |e TJ267 .M43 1985  |h Library of Congress classification  |i unmediated -- volume  |k v.2  |m A14812542099 
998 f f |a TJ267 .M43 1985  |s v.1-v.2  |t 0  |l Remote Storage